| 000 | 01411nam a22003611a 4500 | ||
|---|---|---|---|
| 999 |
_c29380 _d29351 |
||
| 001 | 015437192 | ||
| 003 | EG-ScBUE | ||
| 005 | 20210822131351.0 | ||
| 008 | 090323k20062009enkab f 000 0 eng d | ||
| 020 | _a9780521497671 (v. 1) | ||
| 020 | _a0521497671 (v. 1) | ||
| 020 | _a9780521693073 (v. 6) | ||
| 020 | _a9780521739177 (v. 7) | ||
| 040 |
_aStDuBDS _beng _erda _cStDuBDS _dEG-ScBUE |
||
| 082 | 0 | 4 |
_a428.24076 _bJAK _222 |
| 100 | 1 |
_aJakeman, Vanessa, _eauthor. _913548 |
|
| 245 | 1 | 0 |
_aCambridge practice tests for IELTS : _bexamination papers from University of Cambridge ESOL examinations : English for speakers of other languages / _cVanessa Jakeman, Clare McDowell. |
| 264 | 1 |
_aCambridge : _bCambridge University Press, _c[2006-2009] |
|
| 300 |
_a3 volumes : _billustrations, maps ; _c25 cm |
||
| 336 |
_atext _2rdacontent _btxt |
||
| 337 |
_aunmediated _2rdamedia _bn |
||
| 338 |
_avolume _2rdacarrier _bnc |
||
| 505 | 0 | _aVolume 1 -- Volume 6 -- Volume 7. | |
| 650 | 7 |
_aInternational English Language Testing System _vStudy guides. _2BUEsh |
|
| 650 | 7 |
_aEnglish language _vExaminations, questions, etc. _2BUEsh |
|
| 650 | 7 |
_aEnglish language _vTextbooks for foreign speakers. _2BUEsh |
|
| 653 |
_bHHUUEENN _cAugust2021 |
||
| 655 |
_vReading book _934232 |
||
| 700 | 1 |
_aMcDowell, Clare, _eauthor. _913552 |
|
| 942 |
_2ddc _cBB |
||